[Event "CHN-ch Gp-B (Women)"]
[Site "Liaocheng"]
[Date "2024.04.24"]
[Round "8"]
[White "Zhu, Zile"]
[Black "Hu, Yu A"]
[Result "0-1"]
[WhiteElo "1819"]
[BlackElo "2148"]
[PlyCount "74"]
[EventDate "2024.04.21"]
[EventType "swiss"]
[EventRounds "11"]
[EventCountry "CHN"]
[SourceTitle "CB18_2024"]
[SourceDate "2024.05.01"]
[SourceVersion "1"]
[SourceVersionDate "2024.05.01"]
[SourceQuality "2"]

1. d4 Nf6 2. Nf3 b6 3. e3 Bb7 4. Nbd2 e6 5. c4 c5 6. Be2 Nc6 7. 0-0 d5 8. b3 Bd6 9. Bb2 0-0 10. Ne5 Qe7 11. f4 Rad8 12. Bf3 cxd4 13. exd4 Ba3 14. Qc1 Bxb2 15. Qxb2 Na5 16. Rad1 dxc4 17. Ndxc4 Nxc4 18. bxc4 Bxf3 19. Rxf3 Qc7 20. Qe2 Rd6 21. Rfd3 Rfd8 22. Qf3 Nd7 23. Qh5 Nxe5 24. fxe5 R6d7 25. Rh3 h6 26. Qg4 Qxc4 27. Rg3 g6 28. Qe4 Rc8 29. Qf4 Qc2 30. Rf1 Rc3 31. Rg4 h5 32. Rh4 Rc4 33. Qg5 Rcxd4 34. Rxd4 Qc5 35. Rxf7 Qxd4+ 36. Rf2 Kh7 37. h3 Rf7 0-1

[Event "Vlissingen op 25th"]
[Site "Vlissingen"]
[Date "2023.08.12"]
[Round "9"]
[White "Elgersma, Onno"]
[Black "Hu, Yu A"]
[Result "1-0"]
[WhiteElo "2256"]
[BlackElo "2108"]
[PlyCount "85"]
[EventDate "2023.08.05"]
[EventType "swiss"]
[EventRounds "9"]
[EventCountry "NED"]
[SourceTitle "CBM 215 Extra"]
[Source "ChessBase"]
[SourceDate "2023.09.30"]
[SourceVersion "1"]
[SourceVersionDate "2023.09.30"]
[SourceQuality "1"]

1. e4 c5 2. Nf3 d6 3. Bb5+ Bd7 4. a4 Nc6 5. Nc3 Nf6 6. 0-0 g6 7. Re1 Bg7 8. d3 0-0 9. h3 e5 10. Nd2 a6 11. Bc4 Nd4 12. Nd5 b5 13. Nxf6+ Qxf6 14. Bd5 Rab8 15. axb5 axb5 16. Nf1 Qh4 17. Ra7 Qd8 18. Ne3 Ne6 19. Ng4 Nf4 20. Bb3 Qc8 21. Ne3 Be6 22. Bxe6 Qxe6 23. h4 f5 24. exf5 gxf5 25. Qf3 Ng6 26. h5 Ne7 27. Qh3 Kh8 28. Bd2 Nc6 29. Rc7 Nd4 30. b4 f4 31. Ng4 Nxc2 32. h6 Bf6 33. Re4 Rg8 34. Nxf6 Qxf6 35. bxc5 b4 36. cxd6 b3 37. Bc3 b2 38. Bxe5 b1Q+ 39. Kh2 Qxe5 40. Rxe5 Ne1 41. Ree7 Rg6 42. Rxh7+ Kg8 43. Qe6+ 1-0

[Event "Vlissingen op 25th"]
[Site "Vlissingen"]
[Date "2023.08.09"]
[Round "6"]
[White "Hu, Yu A"]
[Black "Rijnaarts, Sjef"]
[Result "1-0"]
[WhiteElo "2108"]
[BlackElo "2299"]
[PlyCount "93"]
[EventDate "2023.08.05"]
[EventType "swiss"]
[EventRounds "9"]
[EventCountry "NED"]
[SourceTitle "CBM 215 Extra"]
[Source "ChessBase"]
[SourceDate "2023.09.30"]
[SourceVersion "1"]
[SourceVersionDate "2023.09.30"]
[SourceQuality "1"]

1. e4 c5 2. Nf3 d6 3. d4 cxd4 4. Nxd4 Nf6 5. Nc3 a6 6. Bg5 Nbd7 7. f4 Qc7 8. Qf3 b5 9. e5 dxe5 10. Ndxb5 axb5 11. Qxa8 b4 12. Nb5 Qxc2 13. Na7 Nb6 14. Qc6+ Qxc6 15. Nxc6 exf4 16. Bxf4 Nbd5 17. Be5 Bd7 18. Nb8 Ng4 19. Nxd7 Kxd7 20. Bb5+ Ke6 21. Bd4 Nge3 22. Bxe3 Nxe3 23. Kf2 Ng4+ 24. Kg3 f5 25. Rac1 Ne5 26. Rhe1 Kf6 27. Rc5 e6 28. Rc8 g5 29. h3 h5 30. Re8 h4+ 31. Kh2 g4 32. a4 bxa3 33. bxa3 gxh3 34. Kxh3 Rg8 35. Re3 f4 36. Rc3 f3 37. gxf3 Ng6 38. Rc4 e5 39. Rc6+ Kg5 40. Bc4 Rh8 41. Bf7 Nf4+ 42. Kh2 Bg7 43. Rxh8 Bxh8 44. a4 Ne2 45. a5 Nd4 46. Rg6+ Kf4 47. Bd5 1-0

[Event "Dieren op"]
[Site "Dieren"]
[Date "2023.07.27"]
[Round "3"]
[White "Hu, Yu A"]
[Black "Shakhverdian, William"]
[Result "1/2-1/2"]
[WhiteElo "2056"]
[BlackElo "2129"]
[PlyCount "47"]
[EventDate "2023.07.25"]
[EventType "swiss"]
[EventRounds "9"]
[EventCountry "NED"]
[SourceTitle "CBM 215 Extra"]
[Source "ChessBase"]
[SourceDate "2023.09.30"]
[SourceVersion "1"]
[SourceVersionDate "2023.09.30"]
[SourceQuality "1"]

1. e4 e5 2. Nf3 Nc6 3. Bb5 a6 4. Ba4 Nf6 5. d4 exd4 6. 0-0 Be7 7. e5 Ne4 8. Nxd4 Nxd4 9. Qxd4 Nc5 10. Nc3 0-0 11. Nd5 d6 12. Nxe7+ Qxe7 13. exd6 Qxd6 14. Qxd6 cxd6 15. Bb3 Nxb3 16. axb3 Be6 17. b4 Rac8 18. c3 Rfe8 19. Be3 Bb3 20. Ra3 Bc4 21. Rd1 d5 22. h3 f6 23. Rd4 Kf7 24. Kh2 1/2-1/2

[Event "Dieren op"]
[Site "Dieren"]
[Date "2023.07.26"]
[Round "2"]
[White "Hu, Yu A"]
[Black "Otten, Martijn"]
[Result "0-1"]
[WhiteElo "2056"]
[BlackElo "2166"]
[PlyCount "52"]
[EventDate "2023.07.25"]
[EventType "swiss"]
[EventRounds "9"]
[EventCountry "NED"]
[SourceTitle "CBM 215 Extra"]
[Source "ChessBase"]
[SourceDate "2023.09.30"]
[SourceVersion "1"]
[SourceVersionDate "2023.09.30"]
[SourceQuality "1"]

1. e4 c5 2. Nf3 Nc6 3. Bb5 g6 4. 0-0 Bg7 5. c3 Nf6 6. Re1 0-0 7. d4 d5 8. e5 Ne4 9. Be3 Qb6 10. Bxc6 Qxc6 11. dxc5 Bg4 12. b4 f6 13. e6 Ng5 14. Bxg5 fxg5 15. Nd4 Bxd1 16. Nxc6 bxc6 17. Rxd1 a5 18. b5 cxb5 19. Rxd5 b4 20. Nd2 bxc3 21. Nc4 Rf5 22. Rxf5 gxf5 23. Kf1 Rc8 24. Nxa5 Rxc5 25. Nb3 c2 26. Re1 Bc3 0-1

[Event "Amsterdam Science Park op-A"]
[Site "Amsterdam"]
[Date "2023.07.21"]
[Round "7"]
[White "Van Baar, Esper"]
[Black "Hu, Yu A"]
[Result "0-1"]
[WhiteElo "2180"]
[BlackElo "2056"]
[PlyCount "72"]
[EventDate "2023.07.15"]
[EventType "swiss"]
[EventRounds "9"]
[EventCountry "NED"]
[SourceTitle "CBM 215 Extra"]
[Source "ChessBase"]
[SourceDate "2023.09.30"]
[SourceVersion "1"]
[SourceVersionDate "2023.09.30"]
[SourceQuality "1"]

1. e4 c5 2. Nf3 d6 3. Bb5+ Bd7 4. Bxd7+ Nxd7 5. 0-0 Ngf6 6. d3 e6 7. c4 Be7 8. Nc3 Ne5 9. Ne1 0-0 10. f4 Nc6 11. Nf3 a6 12. Kh1 Rb8 13. a4 Nb4 14. d4 cxd4 15. Nxd4 Rc8 16. Qb3 d5 17. cxd5 exd5 18. e5 Ne4 19. Be3 a5 20. Rad1 Nc5 21. Qa3 Re8 22. Qa1 Bf8 23. Qb1 Qd7 24. b3 b6 25. Rf3 Qb7 26. Ndb5 Rcd8 27. Bd4 Ne6 28. Bg1 Nc5 29. Nd4 Ne4 30. Re3 Bc5 31. Nxe4 dxe4 32. Rxe4 Na2 33. e6 fxe6 34. b4 Nc3 35. bxc5 Nxb1 36. Rxb1 Qxe4 0-1

[Event "Amsterdam Science Park op-A"]
[Site "Amsterdam"]
[Date "2023.07.19"]
[Round "5"]
[White "Van der Poel, Henk"]
[Black "Hu, Yu A"]
[Result "0-1"]
[WhiteElo "2211"]
[BlackElo "2056"]
[PlyCount "78"]
[EventDate "2023.07.15"]
[EventType "swiss"]
[EventRounds "9"]
[EventCountry "NED"]
[SourceTitle "CBM 215 Extra"]
[Source "ChessBase"]
[SourceDate "2023.09.30"]
[SourceVersion "1"]
[SourceVersionDate "2023.09.30"]
[SourceQuality "1"]

1. e4 c5 2. Nf3 d6 3. d4 cxd4 4. Nxd4 Nf6 5. Nc3 a6 6. Be3 e5 7. Nb3 Be6 8. f3 h5 9. Nd5 Bxd5 10. exd5 Nbd7 11. Qd2 g6 12. Be2 Bg7 13. 0-0 0-0 14. Na5 Rb8 15. c4 e4 16. f4 Ng4 17. Bxg4 hxg4 18. Rab1 Qh4 19. g3 Qh3 20. b4 g5 21. Qg2 gxf4 22. Qxh3 gxh3 23. gxf4 Nf6 24. Bb6 Ng4 25. Rfe1 f5 26. Rb3 e3 27. Rd3 Rbe8 28. c5 Rf6 29. Re2 Rg6 30. Kf1 Re4 31. cxd6 Rxb4 32. Bxe3 Rb1+ 33. Re1 Nxh2+ 34. Ke2 Rg2+ 35. Bf2 Rb2+ 36. Kd1 Rgxf2 37. Nb3 Rb1+ 38. Nc1 Bb2 39. d7 Rxc1# 0-1

[Event "CHN-chT DivA"]
[Site "Fuling"]
[Date "2023.06.17"]
[Round "11.6"]
[White "Yan, Tianqi"]
[Black "Hu, Yu A"]
[Result "1-0"]
[WhiteElo "2246"]
[BlackElo "2065"]
[PlyCount "31"]
[EventDate "2023.06.05"]
[EventType "team-tourn"]
[EventRounds "11"]
[EventCountry "CHN"]
[SourceTitle "CBM 214 Extra"]
[Source "ChessBase"]
[SourceDate "2023.07.31"]
[SourceVersion "1"]
[SourceVersionDate "2023.07.31"]
[SourceQuality "1"]
[WhiteTeam "Hangzhou Bank"]
[BlackTeam "Shandong"]
[WhiteTeamCountry "CHN"]
[BlackTeamCountry "CHN"]

1. e4 c5 2. Nc3 Nc6 3. Nf3 Nf6 4. Bb5 Nd4 5. e5 Nxb5 6. Nxb5 Nd5 7. 0-0 a6 8. c4 Nb6 9. Nc3 Nxc4 10. d4 cxd4 11. Qxd4 b5 12. b3 Na5 13. Rd1 Bb7 14. Ng5 h6 15. e6 fxe6 16. Qd3 1-0

[Event "CHN-chT DivA"]
[Site "Fuling"]
[Date "2023.06.16"]
[Round "10.2"]
[White "Hu, Yu A"]
[Black "Li, Yunshan"]
[Result "0-1"]
[WhiteElo "2065"]
[BlackElo "2283"]
[PlyCount "124"]
[EventDate "2023.06.05"]
[EventType "team-tourn"]
[EventRounds "11"]
[EventCountry "CHN"]
[SourceTitle "CBM 214 Extra"]
[Source "ChessBase"]
[SourceDate "2023.07.31"]
[SourceVersion "1"]
[SourceVersionDate "2023.07.31"]
[SourceQuality "1"]
[WhiteTeam "Shandong"]
[BlackTeam "Beijing"]
[WhiteTeamCountry "CHN"]
[BlackTeamCountry "CHN"]

1. e4 c5 2. Nf3 e6 3. d4 cxd4 4. Nxd4 Nc6 5. Nc3 Qc7 6. g3 a6 7. Bg2 Nf6 8. 0-0 Nxd4 9. Qxd4 Bc5 10. Bf4 d6 11. Qd2 h6 12. Rad1 e5 13. Be3 0-0 14. Bxc5 dxc5 15. Qd6 Qxd6 16. Rxd6 Be6 17. Na4 Rac8 18. Nb6 Rcd8 19. Rfd1 Rxd6 20. Rxd6 Re8 21. b3 Kf8 22. f4 Ke7 23. fxe5 Nd7 24. Nd5+ Kd8 25. Nf4 Kc7 26. Nxe6+ Rxe6 27. Rxe6 fxe6 28. Bh3 Nf8 29. Bg4 Kd7 30. Bh5 Ke7 31. Kf2 Nd7 32. Ke3 Nxe5 33. Kf4 Nc6 34. a3 g5+ 35. Ke3 Kd6 36. Bd1 Ke5 37. c3 Ne7 38. Bg4 Nc8 39. c4 Ne7 40. a4 Nc6 41. Bd1 Nd4 42. h3 Nc6 43. Bh5 Ne7 44. Bf7 Kd6 45. Kd3 Nc6 46. Bh5 Ke7 47. Ke3 Kf6 48. Kd3 Ne7 49. Be8 a5 50. Ke3 Ng8 51. Bd7 Ke5 52. Bc8 b6 53. Bb7 Ne7 54. Ba8 h5 55. Bb7 Kf6 56. Kf3 Ng6 57. Ke3 h4 58. gxh4 Nxh4 59. Kf2 Ng6 60. Ke3 Nf4 61. Kf2 Ng6 62. Kg3 Ne5 0-1

[Event "CHN-chT DivA"]
[Site "Fuling"]
[Date "2023.06.15"]
[Round "9.5"]
[White "Hu, Yu A"]
[Black "Yuan, Ye"]
[Result "1/2-1/2"]
[WhiteElo "2065"]
[BlackElo "2194"]
[PlyCount "61"]
[EventDate "2023.06.05"]
[EventType "team-tourn"]
[EventRounds "11"]
[EventCountry "CHN"]
[SourceTitle "CBM 214 Extra"]
[Source "ChessBase"]
[SourceDate "2023.07.31"]
[SourceVersion "1"]
[SourceVersionDate "2023.07.31"]
[SourceQuality "1"]
[WhiteTeam "Shandong"]
[BlackTeam "Jiangsu"]
[WhiteTeamCountry "CHN"]
[BlackTeamCountry "CHN"]

1. d4 Nf6 2. c4 g6 3. Nc3 d5 4. cxd5 Nxd5 5. e4 Nxc3 6. bxc3 Bg7 7. Nf3 c5 8. Rb1 0-0 9. Be2 cxd4 10. cxd4 Qa5+ 11. Bd2 Qxa2 12. 0-0 Bg4 13. Rxb7 Bxf3 14. Bxf3 Bxd4 15. Bb4 Rd8 16. Qc1 Na6 17. Bxe7 Rac8 18. Qf4 Nc5 19. Bxd8 Nxb7 20. Bf6 Bxf6 21. Qxf6 Nc5 22. h4 Qe6 23. Qxe6 Nxe6 24. Ra1 Nc5 25. Rxa7 Re8 26. g3 Nxe4 27. Bxe4 Rxe4 28. Kg2 h5 29. Ra5 Kg7 30. Kf3 Rb4 31. Kg2 1/2-1/2

[Event "CHN-chT (Women)"]
[Site "Hangzhou"]
[Date "2023.05.27"]
[Round "9.1"]
[White "Zhao, Xinghan"]
[Black "Hu, Yu A"]
[Result "0-1"]
[WhiteElo "1612"]
[BlackElo "2065"]
[PlyCount "112"]
[EventDate "2023.05.19"]
[EventType "team-swiss"]
[EventRounds "9"]
[EventCountry "CHN"]
[SourceTitle "CBM 214 Extra"]
[Source "ChessBase"]
[SourceDate "2023.07.31"]
[SourceVersion "1"]
[SourceVersionDate "2023.07.31"]
[SourceQuality "1"]
[WhiteTeam "Shandong (W)"]
[BlackTeam "Heilongjiang (W)"]
[WhiteTeamCountry "CHN"]
[BlackTeamCountry "CHN"]

1. e4 c5 2. Nf3 Nc6 3. d4 cxd4 4. Nxd4 Nf6 5. Nc3 e5 6. Ndb5 d6 7. Bg5 a6 8. Na3 b5 9. Nd5 Be7 10. Bxf6 Bxf6 11. c3 Bg5 12. Nc2 Rb8 13. Be2 0-0 14. 0-0 Ne7 15. Nce3 Bxe3 16. Nxe3 Bb7 17. Qc2 Qb6 18. Rfd1 Rfd8 19. a4 d5 20. axb5 axb5 21. Bf3 d4 22. Nf1 Ng6 23. g3 f5 24. Nd2 f4 25. c4 fxg3 26. hxg3 Rf8 27. Qb3 Qe6 28. Kg2 Bc8 29. Rh1 Qf7 30. c5 Be6 31. Qd3 Bc4 32. Qb1 Rbc8 33. b4 Rc6 34. Qe1 Nf4+ 35. Kg1 Nd3 36. Qd1 Nxb4 37. Qb1 Nd3 38. Ra3 Nxc5 39. Qa1 Be2 40. Rh2 Nd3 41. Bxe2 Rc1+ 42. Qxc1 Nxc1 43. Bxb5 Qe7 44. Bc4+ Kh8 45. Ra1 Qb4 46. Rxc1 Qxd2 47. Rf1 Qc2 48. Bd5 d3 49. Kg2 d2 50. Rhh1 d1Q 51. Rxd1 Qxf2+ 52. Kh3 Rf6 53. Rdf1 Rh6+ 54. Kg4 Rg6+ 55. Kh5 Qe2+ 56. Kh4 Qg4# 0-1

[Event "CHN-chT (Women)"]
[Site "Hangzhou"]
[Date "2023.05.22"]
[Round "4.1"]
[White "Hu, Yu A"]
[Black "Liu, Manli"]
[Result "1/2-1/2"]
[WhiteElo "2065"]
[BlackElo "2024"]
[PlyCount "62"]
[EventDate "2023.05.19"]
[EventType "team-swiss"]
[EventRounds "9"]
[EventCountry "CHN"]
[SourceTitle "CBM 214 Extra"]
[Source "ChessBase"]
[SourceDate "2023.07.31"]
[SourceVersion "1"]
[SourceVersionDate "2023.07.31"]
[SourceQuality "1"]
[WhiteTeam "Heilongjiang (W)"]
[BlackTeam "Guangdong (W)"]
[WhiteTeamCountry "CHN"]
[BlackTeamCountry "CHN"]

1. e4 e6 2. d4 d5 3. exd5 exd5 4. Bd3 Bd6 5. Ne2 Ne7 6. Bf4 Bxf4 7. Nxf4 Qd6 8. Qd2 0-0 9. 0-0 Bf5 10. Bxf5 Nxf5 11. Nc3 c6 12. a3 Nd7 13. Rfe1 Rfe8 14. Nce2 Nf6 15. Ng3 Nxg3 16. hxg3 g6 17. Rxe8+ Rxe8 18. Re1 Rxe1+ 19. Qxe1 Kf8 20. Qe2 Qe7 21. Kf1 Qxe2+ 22. Kxe2 Ke7 23. Nd3 Ne4 24. Ne5 f6 25. Nf3 Ke6 26. g4 Kd6 27. Ke3 Ke6 28. Ke2 Kd6 29. Ke3 Ke6 30. Ke2 Kd6 31. Ke3 Ke6 1/2-1/2

[Event "CHN-chT (Women)"]
[Site "Hangzhou"]
[Date "2023.05.20"]
[Round "2.1"]
[White "Hu, Yu A"]
[Black "Yuan, Ye"]
[Result "0-1"]
[WhiteElo "2065"]
[BlackElo "2171"]
[PlyCount "55"]
[EventDate "2023.05.19"]
[EventType "team-swiss"]
[EventRounds "9"]
[EventCountry "CHN"]
[SourceTitle "CBM 214 Extra"]
[Source "ChessBase"]
[SourceDate "2023.07.31"]
[SourceVersion "1"]
[SourceVersionDate "2023.07.31"]
[SourceQuality "1"]
[WhiteTeam "Heilongjiang (W)"]
[BlackTeam "Jiangsu (W)"]
[WhiteTeamCountry "CHN"]
[BlackTeamCountry "CHN"]

1. e4 e5 2. Nf3 Nf6 3. d4 Nxe4 4. Bd3 d5 5. Nxe5 Nd7 6. Nc3 Nxe5 7. dxe5 Bb4 8. 0-0 Nxc3 9. bxc3 Bxc3 10. Rb1 0-0 11. Bxh7+ Kxh7 12. Qd3+ Kg8 13. Qxc3 a5 14. Qg3 Qd7 15. Rb3 Ra6 16. h4 Qf5 17. Bg5 Kh7 18. h5 Rc6 19. Rb5 Be6 20. Rxb7 Rxc2 21. Rc1 Rxc1+ 22. Bxc1 c5 23. h6 gxh6 24. Qe3 Qh5 25. Qxc5 Rg8 26. Bf4 Rg4 27. Qc2+ Bf5 28. Qe2 0-1

[Event "CHN-chT (Women)"]
[Site "Hangzhou"]
[Date "2023.05.19"]
[Round "1.1"]
[White "Cai, Youyang"]
[Black "Hu, Yu A"]
[Result "1/2-1/2"]
[WhiteElo "2014"]
[BlackElo "2065"]
[PlyCount "62"]
[EventDate "2023.05.19"]
[EventType "team-swiss"]
[EventRounds "9"]
[EventCountry "CHN"]
[SourceTitle "CBM 214 Extra"]
[Source "ChessBase"]
[SourceDate "2023.07.31"]
[SourceVersion "1"]
[SourceVersionDate "2023.07.31"]
[SourceQuality "1"]
[WhiteTeam "Tianjin (W)"]
[BlackTeam "Heilongjiang (W)"]
[WhiteTeamCountry "CHN"]
[BlackTeamCountry "CHN"]

1. e4 c5 2. Nf3 d6 3. d4 cxd4 4. Nxd4 Nf6 5. Nc3 a6 6. Bg5 e6 7. f4 Qb6 8. Qd2 Qxb2 9. Rb1 Qa3 10. e5 dxe5 11. fxe5 Nfd7 12. Ne4 h6 13. Bh4 Qxa2 14. Rd1 Qd5 15. Qe3 Qxe5 16. Be2 Bc5 17. Bg3 Qd5 18. c4 Bxd4 19. Rxd4 Qa5+ 20. Rd2 0-0 21. Bd6 f5 22. Bxf8 Nxf8 23. Qc5 Qxc5 24. Nxc5 Nbd7 25. Nxd7 Bxd7 26. Bf3 Rc8 27. Bxb7 Rxc4 28. Bxa6 Rc1+ 29. Rd1 Rxd1+ 30. Kxd1 Bc6 31. Rg1 Bd5 1/2-1/2

[Event "China zt 3.5 (Women)"]
[Site "Shenzhen"]
[Date "2023.04.09"]
[Round "5"]
[White "Hu, Yu A"]
[Black "Xu, Yuze"]
[Result "1/2-1/2"]
[WhiteElo "2061"]
[BlackElo "2003"]
[PlyCount "112"]
[EventDate "2023.04.05"]
[EventType "swiss"]
[EventRounds "9"]
[EventCountry "CHN"]
[SourceTitle "CBM 213 Extra"]
[Source "ChessBase"]
[SourceDate "2023.05.31"]
[SourceVersion "1"]
[SourceVersionDate "2023.05.31"]
[SourceQuality "1"]

1. e4 e5 2. Nf3 Nf6 3. Nxe5 d6 4. Nf3 Nxe4 5. d4 d5 6. Bd3 Bf5 7. 0-0 Be7 8. Re1 0-0 9. c4 c6 10. Qc2 Nd7 11. Nc3 Ndf6 12. Ne5 Bg6 13. Nxg6 fxg6 14. Bxe4 dxe4 15. Nxe4 Qxd4 16. Ng5 Ng4 17. Ne6 Qd6 18. Bf4 Rxf4 19. c5 Qb8 20. Nxf4 Qxf4 21. g3 Qf7 22. Rxe7 Qxe7 23. Qc4+ Kh8 24. Qxg4 Qxc5 25. Rd1 Rf8 26. Qe2 Qf5 27. a3 h6 28. Rd4 g5 29. Qd2 Re8 30. h4 gxh4 31. Rxh4 Re4 32. Rxe4 Qxe4 33. b4 Qd5 34. Qe3 b6 35. Qe8+ Kh7 36. Qa8 Qd7 37. Qf8 a5 38. Qf4 axb4 39. Qe4+ Kh8 40. axb4 Qd5 41. Qe8+ Kh7 42. Qb8 Qd4 43. Qf8 c5 44. Qf5+ g6 45. Qf7+ Qg7 46. Qc4 Qe7 47. b5 Kg7 48. Qd5 h5 49. Qc6 Qf6 50. Qc7+ Kh6 51. Kg2 g5 52. Qc6 Kg6 53. Qe8+ Kh6 54. Qc6 Kg7 55. Qd7+ Qf7 56. Qd8 Qg6 1/2-1/2

[Event "CHN-chB (Women)"]
[Site "Qiziwan"]
[Date "2023.01.31"]
[Round "3"]
[White "Hu, Yu A"]
[Black "Ding, Shirui"]
[Result "1-0"]
[WhiteElo "2056"]
[BlackElo "1517"]
[PlyCount "143"]
[EventDate "2023.01.30"]
[EventType "swiss"]
[EventRounds "11"]
[EventCountry "CHN"]
[SourceTitle "CBM 212 Extra"]
[Source "ChessBase"]
[SourceDate "2023.03.31"]
[SourceVersion "1"]
[SourceVersionDate "2023.03.31"]
[SourceQuality "1"]

1. e4 d5 2. exd5 Nf6 3. d4 Nxd5 4. c4 Nf6 5. Nc3 Bf5 6. Nf3 e6 7. Be2 Be7 8. 0-0 Nc6 9. h3 0-0 10. Be3 Nb4 11. Rc1 c5 12. a3 Na6 13. Qb3 Qc7 14. d5 Ne4 15. Nb5 Qb6 16. Ne5 Rfd8 17. g4 Bg6 18. Nxg6 hxg6 19. Bd3 Nf6 20. dxe6 Qxe6 21. Rfe1 Qc6 22. Bf1 Nc7 23. Bg2 Qb6 24. Bf4 Bd6 25. Bxd6 Rxd6 26. Re7 Rd7 27. Rce1 Rad8 28. Rxd7 Rxd7 29. g5 Nh5 30. Qa4 Nxb5 31. cxb5 Rd4 32. Qb3 Qd8 33. Qe3 Kh7 34. Qe7 Qd7 35. Qxc5 Rd1 36. Rxd1 Qxd1+ 37. Kh2 Qd2 38. Bxb7 Qxb2 39. a4 Qd2 40. Bf3 Nf4 41. Qe3 Qd6 42. Qe4 Qd2 43. Kg3 Ne6 44. h4 Qd6+ 45. Kg2 Nf4+ 46. Kf1 Qd2 47. Qe3 Qb4 48. Qe4 Qd2 49. Kg1 Nh3+ 50. Kh2 Nf4 51. Kg3 Ne6 52. Bg4 Qd6+ 53. Kg2 Nc5 54. Qc4 Qe5 55. a5 Ne4 56. Qxf7 Qxb5 57. Qxa7 Nd2 58. Qb6 Qf1+ 59. Kh2 Qc4 60. h5 Qf4+ 61. Kh3 gxh5 62. Bxh5 Qxg5 63. Bg4 Qd5 64. a6 Qh1+ 65. Kg3 Qg1+ 66. Kf4 Qc1 67. Bf5+ Kg8 68. Qd8+ Kf7 69. Qd7+ Kf8 70. Qc8+ Qxc8 71. Bxc8 Nc4 72. a7 1-0

[Event "CHN-chB (Women)"]
[Site "Qiziwan"]
[Date "2023.01.31"]
[Round "4"]
[White "Yan, Tianqi"]
[Black "Hu, Yu A"]
[Result "1/2-1/2"]
[WhiteElo "2186"]
[BlackElo "2056"]
[PlyCount "64"]
[EventDate "2023.01.30"]
[EventType "swiss"]
[EventRounds "11"]
[EventCountry "CHN"]
[SourceTitle "CBM 212 Extra"]
[Source "ChessBase"]
[SourceDate "2023.03.31"]
[SourceVersion "1"]
[SourceVersionDate "2023.03.31"]
[SourceQuality "1"]

1. e4 c5 2. Nf3 Nc6 3. d4 cxd4 4. Nxd4 Nf6 5. Nc3 e5 6. Ndb5 d6 7. Bg5 a6 8. Na3 b5 9. Nd5 Be7 10. Bxf6 Bxf6 11. c4 b4 12. Nc2 a5 13. Qf3 Be7 14. h4 0-0 15. g3 f5 16. Bh3 f4 17. 0-0-0 fxg3 18. Qxg3 Bxh3 19. Rxh3 Rf7 20. Nde3 Qf8 21. Nf5 Kh8 22. h5 Rc8 23. Qd3 a4 24. Nce3 Nd4 25. Nxd4 exd4 26. Ng4 Bg5+ 27. Kb1 Rfc7 28. b3 axb3 29. axb3 Qf4 30. Qf3 Rf7 31. Qxf4 Rxf4 32. f3 Rcf8 1/2-1/2

[Event "CHN-chT Div-A Rapid"]
[Site "Fuling"]
[Date "2022.09.16"]
[Round "9.6"]
[White "Hu, Yu A"]
[Black "Ren, Xiaoyi"]
[Result "1-0"]
[WhiteElo "2074"]
[BlackElo "2250"]
[PlyCount "103"]
[EventDate "2022.09.06"]
[EventType "team-tourn (rapid)"]
[EventRounds "11"]
[EventCountry "CHN"]
[SourceTitle "CBM 210 Extra"]
[Source "ChessBase"]
[SourceDate "2022.11.30"]
[SourceVersion "1"]
[SourceVersionDate "2022.11.30"]
[SourceQuality "1"]
[WhiteTeam "Shandong"]
[BlackTeam "Chengdu"]
[WhiteTeamCountry "CHN"]
[BlackTeamCountry "CHN"]

1. e4 d6 2. d4 g6 3. Nc3 Bg7 4. Be3 c6 5. a4 Nd7 6. Nf3 Ngf6 7. h3 0-0 8. Bd3 e5 9. 0-0 Re8 10. Qd2 Nf8 11. Rad1 Qc7 12. dxe5 dxe5 13. Bh6 Ne6 14. Bxg7 Kxg7 15. Bc4 Rd8 16. Qe3 Bd7 17. Rd2 a5 18. Rfd1 Re8 19. Bxe6 Bxe6 20. Qc5 Nd7 21. Nb5 Qd8 22. Qc3 cxb5 23. Nxe5 b4 24. Qe3 Nxe5 25. Rxd8 Raxd8 26. Rxd8 Rxd8 27. Qb6 Rd1+ 28. Kh2 Nc4 29. Qc5 Nd2 30. Qe5+ Kg8 31. Kg3 Nc4 32. Qb8+ Kg7 33. b3 Nd6 34. f3 Rd2 35. Qc7 h5 36. Qxa5 h4+ 37. Kxh4 Ne8 38. g4 Rxc2 39. Qxb4 Rg2 40. Qxb7 Kh6 41. f4 f6 42. Qe7 Ng7 43. Qxf6 Bxb3 44. f5 Kh7 45. fxg6+ Kh8 46. Qd8+ Bg8 47. a5 Ra2 48. Qb6 Ne6 49. a6 Kg7 50. Qb7+ Kxg6 51. a7 Nc5 52. Qc6+ 1-0

[Event "CHN-chT Div-A"]
[Site "Fuling"]
[Date "2022.09.06"]
[Round "1.3"]
[White "Hu, Yu A"]
[Black "Li, Xueyi"]
[Result "0-1"]
[WhiteElo "2074"]
[BlackElo "2280"]
[PlyCount "68"]
[EventDate "2022.09.06"]
[EventType "team-tourn"]
[EventRounds "11"]
[EventCountry "CHN"]
[SourceTitle "CBM 210 Extra"]
[Source "ChessBase"]
[SourceDate "2022.11.30"]
[SourceVersion "1"]
[SourceVersionDate "2022.11.30"]
[SourceQuality "1"]
[WhiteTeam "Shandong"]
[BlackTeam "Shenzhen"]
[WhiteTeamCountry "CHN"]
[BlackTeamCountry "CHN"]

1. e4 c6 2. d4 d5 3. e5 Bf5 4. Nf3 e6 5. Be2 Nd7 6. 0-0 Ne7 7. Nbd2 h6 8. c3 a5 9. a4 Bh7 10. Nb3 Qb6 11. Nc5 Nxc5 12. dxc5 Qc7 13. b4 Be4 14. Re1 Bxf3 15. Bxf3 g6 16. Qe2 Bg7 17. Bf4 0-0 18. Qb2 Rfb8 19. h4 Nf5 20. g3 axb4 21. cxb4 b6 22. Qd2 bxc5 23. bxc5 Qa5 24. Qxa5 Rxa5 25. Bd2 Raa8 26. a5 Rb2 27. Bc1 Rc2 28. Bd1 Rxc5 29. a6 Rb5 30. Bd2 Rb6 31. g4 Nd4 32. Be3 Bxe5 33. Bxh6 Bh8 34. Rc1 Rbxa6 0-1

[Event "CHN-chT (Women)"]
[Site "Liaocheng"]
[Date "2021.10.28"]
[Round "9.1"]
[White "Hu, Yu A"]
[Black "Guo, Qi"]
[Result "0-1"]
[WhiteElo "2094"]
[BlackElo "2418"]
[PlyCount "114"]
[EventDate "2021.10.20"]
[EventType "team-tourn"]
[EventRounds "9"]
[EventCountry "CHN"]
[SourceTitle "CBM 204 Extra"]
[Source "ChessBase"]
[SourceDate "2021.11.30"]
[SourceVersion "1"]
[SourceVersionDate "2021.11.30"]
[SourceQuality "1"]
[WhiteTeam "Heilongjiang (W)"]
[BlackTeam "Jiangsu (W)"]
[WhiteTeamCountry "CHN"]
[BlackTeamCountry "CHN"]

1. e4 e5 2. Nf3 Nc6 3. Bb5 Nf6 4. d3 Bc5 5. Bxc6 dxc6 6. 0-0 Qe7 7. Nbd2 Bg4 8. h3 Bh5 9. Nc4 Nd7 10. a3 a6 11. g4 Bg6 12. b4 Ba7 13. Bb2 f6 14. Nh4 Bf7 15. Nf5 Qf8 16. Na5 g6 17. Ng3 Rb8 18. Kh2 Qe7 19. f4 Be3 20. fxe5 fxe5 21. Rf3 Bg5 22. Bc1 0-0 23. Bxg5 Qxg5 24. Qc1 Qh4 25. Qe3 Be6 26. Rxf8+ Nxf8 27. Kg2 Bd7 28. Rf1 b6 29. Nc4 Re8 30. Ne2 Qe7 31. Qf2 b5 32. Na5 Ne6 33. Qe3 c5 34. bxc5 Nxc5 35. Nc3 c6 36. Ne2 Ra8 37. Qf2 Ne6 38. Qf6 Qxf6 39. Rxf6 Kg7 40. Rf1 Rb8 41. Rb1 Rh8 42. h4 h6 43. Rf1 Rb8 44. Kg3 c5 45. Rf2 Rc8 46. Nb7 Rc6 47. Na5 Rc7 48. Rf1 Nd4 49. Nc3 Be6 50. Rf2 c4 51. Nd5 Bxd5 52. exd5 cxd3 53. cxd3 Rd7 54. a4 Rxd5 55. axb5 Nxb5 56. Rf3 Nd4 57. Re3 Rxa5 0-1